[Event "LSS No Engine Cup 182 Final"]
[Site "LSS email"]
[Date "2019.06.17"]
[Round "?"]
[White "Eschert, Uwe"]
[Black "De Vito, Giovanni"]
[Result "1/2-1/2"]
[WhiteElo "1805"]
[BlackElo "1600"]
[PlyCount "45"]
[EventDate "2019.06.18"]
[EventType "tourn (corr)"]
[EventRounds "6"]
[EventCountry "GER"]
[SourceTitle "Corr 2022"]
[Source "ChessBase"]
[SourceDate "2021.10.24"]
[SourceVersion "1"]
[SourceVersionDate "2021.10.24"]
[SourceQuality "1"]

1. d4 d5 2. c4 e6 3. Nc3 Nf6 4. Bg5 Be7 5. Nf3 h6 6. Bh4 0-0 7. e3 b6 8. Bd3 Bb7 9. 0-0 dxc4 10. Bxc4 Nbd7 11. Rc1 c5 12. Qe2 a6 13. a4 cxd4 14. Nxd4 Nc5 15. Rfd1 Qe8 16. Bg3 Nfe4 17. Nxe4 Nxe4 18. Be5 Bf6 19. Bxf6 Nxf6 20. Qc2 Qe7 21. Qb3 Rab8 22. Be2 Rfd8 23. Nc6 1/2-1/2

[Event "LSS No Engine Cup 182 Final"]
[Site "LSS email"]
[Date "2019.06.17"]
[Round "?"]
[White "Mueller Toepler, Michael"]
[Black "De Vito, Giovanni"]
[Result "1/2-1/2"]
[WhiteElo "2062"]
[BlackElo "1600"]
[PlyCount "123"]
[EventDate "2019.06.18"]
[EventType "tourn (corr)"]
[EventRounds "6"]
[EventCountry "GER"]
[SourceTitle "Corr 2022"]
[Source "ChessBase"]
[SourceDate "2021.10.24"]
[SourceVersion "1"]
[SourceVersionDate "2021.10.24"]
[SourceQuality "1"]

1. d4 d5 2. c4 e6 3. Nc3 Nf6 4. Bg5 Be7 5. e3 0-0 6. Nf3 h6 7. Bxf6 Bxf6 8. Rc1 c6 9. a3 Nd7 10. Qc2 Re8 11. Rd1 a6 12. Be2 b5 13. cxd5 cxd5 14. 0-0 Bb7 15. Rc1 Rc8 16. Qb3 Qa5 17. Bd3 Nb6 18. h3 Rc7 19. a4 Nxa4 20. Nxb5 axb5 21. Bxb5 Ra8 22. Rxc7 Qxc7 23. Bxa4 Ba6 24. Re1 Rc8 25. Qd1 Qa5 26. b3 Qc3 27. Qa1 Qxa1 28. Rxa1 Bd3 29. Bd7 Rb8 30. Ba4 Rc8 31. Bd7 Rb8 32. Nd2 h5 33. Rc1 Be7 34. Ba4 g5 35. Rc7 Bd8 36. Rc3 Bg6 37. Nf3 f6 38. Kf1 Ba5 39. Rc5 Bd3+ 40. Kg1 Bb4 41. Rc6 Kf7 42. Rc7+ Kf8 43. Nh2 Bd6 44. Rc3 Bb5 45. Rc2 Bxa4 46. bxa4 Rb1+ 47. Nf1 Ra1 48. Rc8+ Kf7 49. Rh8 h4 50. Ra8 e5 51. a5 exd4 52. exd4 Bb4 53. a6 Bc3 54. Rd8 Ke6 55. Re8+ Kd7 56. Re3 Bxd4 57. Rd3 Ra4 58. a7 Bxa7 59. Rxd5+ Ke6 60. Rd1 Ra2 61. Re1+ Kf7 62. Ne3 1/2-1/2

[Event "RB-2019-0-00369"]
[Site "LSS email"]
[Date "2019.02.16"]
[Round "?"]
[White "De Vito, Giovanni"]
[Black "Sorcinelli, Andrea"]
[Result "1/2-1/2"]
[WhiteElo "1967"]
[BlackElo "1882"]
[PlyCount "51"]
[EventDate "2018.12.15"]
[EventType "tourn (corr)"]
[EventRounds "6"]
[EventCountry "GER"]
[SourceTitle "Corr 2022"]
[Source "ChessBase"]
[SourceDate "2021.10.24"]
[SourceVersion "1"]
[SourceVersionDate "2021.10.24"]
[SourceQuality "1"]

1. d4 d5 2. Nf3 Nf6 3. e3 Bf5 4. c4 c6 5. Nc3 e6 6. Nh4 Bg6 7. Nxg6 hxg6 8. Bd2 Nbd7 9. a3 Be7 10. Qc2 Kf8 11. Rc1 Rc8 12. c5 e5 13. g3 Qe8 14. Be2 Bd8 15. Kf1 Qe6 16. h4 g5 17. dxe5 Nxe5 18. f4 Neg4 19. fxg5 Nh5 20. Kg2 Bc7 21. Qd1 f5 22. gxf6 Ngxf6 23. Bxh5 Nxh5 24. g4 Nf6 25. Qf3 Qxg4+ 26. Qxg4 1/2-1/2

[Event "SB-2016-0-00472"]
[Site "LSS email"]
[Date "2016.11.11"]
[Round "?"]
[White "De Vito, Giovanni"]
[Black "Egorov, Vladimir Al"]
[Result "1/2-1/2"]
[WhiteElo "1972"]
[BlackElo "2182"]
[PlyCount "80"]
[EventDate "2016.10.11"]
[EventType "tourn (corr)"]
[EventRounds "6"]
[EventCountry "GER"]
[SourceTitle "Corr 2022"]
[Source "ChessBase"]
[SourceDate "2021.10.24"]
[SourceVersion "1"]
[SourceVersionDate "2021.10.24"]
[SourceQuality "1"]

1. Nf3 d5 2. d4 e6 3. g3 c5 4. Bg2 cxd4 5. 0-0 Nf6 6. Nxd4 e5 7. Nb3 Be6 8. Nc3 Be7 9. f4 exf4 10. Bxf4 0-0 11. Qd2 Nc6 12. Rad1 d4 13. Nb5 Qb6 14. Nc7 Rad8 15. Nxe6 fxe6 16. Kh1 a5 17. a4 e5 18. Bg5 h6 19. Bxf6 Bxf6 20. Qd3 Nb4 21. Qc4+ Kh8 22. Na1 Qa6 23. Qxa6 bxa6 24. c3 dxc3 25. Rxd8 Rxd8 26. bxc3 Na2 27. c4 Rc8 28. Bd5 Nc3 29. Nb3 Nxe2 30. Nxa5 Nc3 31. Be6 Rc7 32. Nb3 e4 33. Re1 g6 34. a5 h5 35. c5 Na4 36. Bc4 Nxc5 37. Nxc5 Rxc5 38. Rxe4 Rxa5 39. Re6 Kg7 40. Rxa6 Rxa6 1/2-1/2

[Event "CP-2015-P-00014"]
[Site "LSS email"]
[Date "2015.09.28"]
[Round "?"]
[White "De Vito, Giovanni"]
[Black "Kolanek, Roman"]
[Result "1/2-1/2"]
[WhiteElo "1961"]
[BlackElo "2097"]
[PlyCount "53"]
[EventDate "2015.10.01"]
[EventType "tourn (corr)"]
[EventRounds "6"]
[EventCountry "GER"]
[SourceTitle "Corr 2022"]
[Source "ChessBase"]
[SourceDate "2021.10.24"]
[SourceVersion "1"]
[SourceVersionDate "2021.10.24"]
[SourceQuality "1"]

1. d4 Nf6 2. Nf3 d5 3. e3 b6 4. Bd3 e6 5. Nbd2 Bb7 6. 0-0 Bd6 7. c4 Nbd7 8. Qc2 c5 9. e4 cxd4 10. cxd5 Rc8 11. Qd1 0-0 12. dxe6 fxe6 13. Bc4 d3 14. Bxd3 Ng4 15. h3 Nge5 16. Be2 Qf6 17. Nd4 Rfd8 18. f4 Ng6 19. e5 Ndxe5 20. fxe5 Qxe5 21. N2f3 Bxf3 22. Nxf3 Bc5+ 23. Kh1 Rxd1 24. Nxe5 Rxf1+ 25. Bxf1 Nxe5 26. Bf4 Bd4 27. Rc1 1/2-1/2

[Event "CP-2015-P-00014"]
[Site "LSS email"]
[Date "2015.09.28"]
[Round "?"]
[White "De Vito, Giovanni"]
[Black "Lonyuk, Bohdan"]
[Result "1/2-1/2"]
[WhiteElo "1961"]
[BlackElo "1314"]
[PlyCount "72"]
[EventDate "2015.10.01"]
[EventType "tourn (corr)"]
[EventRounds "6"]
[EventCountry "GER"]
[SourceTitle "Corr 2022"]
[Source "ChessBase"]
[SourceDate "2021.10.24"]
[SourceVersion "1"]
[SourceVersionDate "2021.10.24"]
[SourceQuality "1"]

1. d4 d5 2. c4 e6 3. Nc3 c6 4. e3 Nf6 5. Nf3 Nbd7 6. Qc2 Bd6 7. Bd3 0-0 8. 0-0 dxc4 9. Bxc4 b5 10. Be2 Bb7 11. b3 a6 12. Bb2 c5 13. Rad1 cxd4 14. Rxd4 Qe7 15. Rfd1 Bc5 16. R4d2 Rfd8 17. Qb1 Rac8 18. h3 h6 19. Qa1 Ba3 20. Bxa3 Qxa3 21. Ne5 Qe7 22. Bf3 Nxe5 23. Rxd8+ Rxd8 24. Rxd8+ Qxd8 25. Bxb7 Qb6 26. Ne2 Ng6 27. Bf3 Nh4 28. Qc3 Nxf3+ 29. gxf3 Nd5 30. Qc8+ Kh7 31. Kg2 b4 32. Qf8 Qc7 33. Nd4 a5 34. Qe8 Qe7 35. Qxe7 Nxe7 36. f4 Nd5 1/2-1/2

[Event "CP-2015-P-00014"]
[Site "LSS email"]
[Date "2015.09.28"]
[Round "?"]
[White "Quinones Borda, Jorge Victor"]
[Black "De Vito, Giovanni"]
[Result "1/2-1/2"]
[WhiteElo "2198"]
[BlackElo "1961"]
[PlyCount "88"]
[EventDate "2015.10.01"]
[EventType "tourn (corr)"]
[EventRounds "6"]
[EventCountry "GER"]
[SourceTitle "Corr 2022"]
[Source "ChessBase"]
[SourceDate "2021.10.24"]
[SourceVersion "1"]
[SourceVersionDate "2021.10.24"]
[SourceQuality "1"]

1. c4 e5 2. g3 Nf6 3. Bg2 c6 4. d4 exd4 5. Qxd4 d5 6. Nf3 Be6 7. cxd5 cxd5 8. 0-0 Nc6 9. Qa4 Bc5 10. Nc3 0-0 11. Bg5 h6 12. Bxf6 Qxf6 13. Rac1 Bb6 14. Qb5 Rab8 15. Nxd5 Bxd5 16. Qxd5 Qxb2 17. e3 Rbd8 18. Qc4 Rd7 19. Rb1 Qf6 20. Rfd1 Rfd8 21. Rxd7 Rxd7 22. Qc2 Qd6 23. Bf1 Rc7 24. Rd1 Qf6 25. Qe2 g6 26. Bg2 Kg7 27. h4 Qf5 28. Qb2+ Qf6 29. Qb1 Ne5 30. Nxe5 Qxe5 31. Rd3 Qf5 32. Qb3 h5 33. Qb2+ Qf6 34. Rb3 Qxb2 35. Rxb2 Rc1+ 36. Kh2 Rc7 37. Bf3 Kf6 38. Kg2 Ke7 39. Be4 Kd8 40. a4 Ke7 41. Rb4 f5 42. Bd5 Rc2 43. Rb3 Rc7 44. Rb5 Kf6 1/2-1/2

[Event "CP-2014-P-00004"]
[Site "LSS email"]
[Date "2014.09.30"]
[Round "?"]
[White "De Vito, Giovanni"]
[Black "Tarasov, Grigoriy"]
[Result "0-1"]
[WhiteElo "1889"]
[BlackElo "2073"]
[PlyCount "78"]
[EventDate "2014.10.01"]
[EventType "tourn (corr)"]
[EventRounds "6"]
[EventCountry "GER"]
[SourceTitle "Corr 2022"]
[Source "ChessBase"]
[SourceDate "2021.10.24"]
[SourceVersion "1"]
[SourceVersionDate "2021.10.24"]
[SourceQuality "1"]

1. d4 Nf6 2. Nf3 e6 3. c4 d5 4. Nc3 c6 5. e3 Nbd7 6. Bd3 dxc4 7. Bxc4 b5 8. Bd3 Bb7 9. 0-0 a6 10. e4 c5 11. d5 Qc7 12. dxe6 fxe6 13. Bc2 c4 14. e5 Nxe5 15. Nxe5 Qxe5 16. Re1 Qd6 17. Qxd6 Bxd6 18. Rxe6+ Kd7 19. Bf5 Kc7 20. Re1 Rhe8 21. Bg5 h6 22. Be3 Re5 23. Bh3 Rae8 24. g3 Bf3 25. Bg2 Bxg2 26. Kxg2 Ng4 27. Bd2 Kc6 28. f4 R5e7 29. Rxe7 Bxe7 30. Re1 b4 31. Nd1 Rd8 32. Re2 Bc5 33. h3 Nf6 34. Ne3 Rxd2 35. Rxd2 Bxe3 36. Re2 Bd4 37. Kf3 Kd5 38. g4 c3 39. b3 Ne4 0-1

[Event "CP-2014-P-00004"]
[Site "LSS email"]
[Date "2014.09.30"]
[Round "?"]
[White "De Vito, Giovanni"]
[Black "Zimmermann, Matthias"]
[Result "1/2-1/2"]
[WhiteElo "1889"]
[BlackElo "1747"]
[PlyCount "55"]
[EventDate "2014.10.01"]
[EventType "tourn (corr)"]
[EventRounds "6"]
[EventCountry "GER"]
[SourceTitle "Corr 2022"]
[Source "ChessBase"]
[SourceDate "2021.10.24"]
[SourceVersion "1"]
[SourceVersionDate "2021.10.24"]
[SourceQuality "1"]

1. d4 c5 2. e3 Nf6 3. Nf3 g6 4. dxc5 Qa5+ 5. Nc3 Bg7 6. Qd4 Nc6 7. Qc4 Ne4 8. Qxe4 Bxc3+ 9. Nd2 Bg7 10. c3 Qxc5 11. Nb3 Qb6 12. Be2 0-0 13. 0-0 Rd8 14. Rd1 d6 15. Qd5 Be6 16. Qd3 d5 17. Nd4 Bd7 18. b3 Bf6 19. Bb2 e5 20. Nxc6 Bf5 21. Qb5 bxc6 22. Qa6 Be6 23. Rd2 c5 24. h3 c4 25. Qxb6 axb6 26. bxc4 dxc4 27. Rxd8+ Rxd8 28. Rd1 1/2-1/2

[Event "ZI-2014-0-01868"]
[Site "LSS email"]
[Date "2014.09.09"]
[Round "?"]
[White "De Vito, Giovanni"]
[Black "Hillebrand, Carsten"]
[Result "1/2-1/2"]
[WhiteElo "1878"]
[BlackElo "1861"]
[PlyCount "45"]
[EventDate "2014.08.30"]
[EventType "match (corr)"]
[EventRounds "2"]
[EventCountry "GER"]
[SourceTitle "Corr 2015"]
[Source "ChessBase"]
[SourceDate "2015.07.17"]
[SourceVersion "1"]
[SourceVersionDate "2015.07.17"]
[SourceQuality "1"]

1. d4 Nf6 2. Nf3 g6 3. c4 Bg7 4. Nc3 0-0 5. e3 c5 6. Be2 cxd4 7. exd4 d5 8. 0-0 Nc6 9. h3 Be6 10. Ng5 Bf5 11. Be3 h6 12. Nf3 dxc4 13. Qd2 Kh7 14. Bxc4 Rc8 15. Rac1 Nxd4 16. Qxd4 Qxd4 17. Nxd4 Rxc4 18. Nxf5 gxf5 19. Nd5 Rxc1 20. Nxf6+ Bxf6 21. Rxc1 Rd8 22. g3 Rd7 23. b3 1/2-1/2